000 00631nam a2200229 i 4500
001 bg
100 1 _aNORMAN, Susan
245 1 0 _aWe mean business :
_ban elementary course in business English : teacher's book /
_cSusan Norman.
250 _a[2] upd. ed.
_a3rd impr.
260 _aHarlow :
_bLongman,
_c1996.
300 _a185 s. :
_brys. ;
_c21 cm.
500 _a2 wyd. zaktualiz. 1993.
650 9 _aJęzyk angielski
655 _aPodręczniki
020 _a0582216044
040 _cBPK
041 0 _aen
080 _a811.111(07)
920 _a0-582-216044
942 _cKS
008 s pl f |000 0 pol
999 _c25102
_d25102